MARC

Tag First Indicator Second Indicator Subfields
LEADER 00000cam a2200000 4500
001 in00001582321
005 20220103182511.0
006 m u
007 cr cn|||||||||
008 001008s1990 dcu sbs 000 0 eng
010 |z 89049273 
020 |a 058515404X (electronic bk.) :  |c $14.95 
020 |z 030904149X 
035 |a 14154  |b (N$T) 
035 |a nL14154 
040 |a N$T  |c N$T  |d UtOrBLW 
043 |a n-us--- 
050 1 0 |a LB2844.1.V6  |b N36 1990eb 
082 0 4 |a 371.2/02  |2 20 
110 2 |a National Research Council (U.S.).  |b Committee on the Use of Volunteers in Schools.  |0 http://id.loc.gov/authorities/names/n89667943 
245 1 0 |a Volunteers in public schools /  |c Bernard Michael, editor ; Committee on the Use of Volunteers in Schools, Commission on Behavioral and Social Sciences and Education, National Research Council. 
264 1 |a Washington, D.C. :  |b National Academy Press,  |c 1990. 
300 |a vii, 149 pages ;  |c 23 cm. 
336 |a text  |b txt  |2 rdacontent 
337 |a computer  |b c  |2 rdamedia 
338 |a online resource  |b cr  |2 rdacarrier 
504 |a Includes bibliographical references (pages 121-143). 
533 |a Electronic reproduction.  |b Boulder, Colo. :  |c NetLibrary,  |d 2000.  |n Available via World Wide Web.  |n Access may be limited to NetLibrary affiliated libraries. 
500 |a Electronic resource. 
650 0 |a Volunteer workers in education  |z United States. 
650 0 |a Volunteer workers in education  |z United States  |x Statistics. 
655 0 |a Electronic books. 
700 1 |a Michael, Bernard.  |0 http://id.loc.gov/authorities/names/n89667955 
710 2 |a NetLibrary, Inc.  |0 http://id.loc.gov/authorities/names/no99080690 
776 0 |c Original  |w (DLC) 89049273 
856 4 1 |u https://proxy.library.tamu.edu/login?url=http://www.netLibrary.com/urlapi.asp?action=summary&v=1&bookid=14154  |z Connect to the full text of this electronic book  |t 0 
999 |a MARS 
999 f f |s f6af9e5d-5b70-3f03-be14-b17c8bb7e416  |i 86e26bc8-4bbe-384e-85e1-7cf910a731e1  |t 0 
952 f f |a Texas A&M University  |b College Station  |c Electronic Resources  |d Available Online  |t 0  |e LB2844.1.V6 N36 1990eb  |h Library of Congress classification 
998 f f |a LB2844.1.V6 N36 1990eb  |t 0  |l Available Online